• 首页
  • 本馆介绍
  • 公告通知
  • 最新文献
  • 馆藏检索
  • 电子资源
  • 读者导购
  • 参考咨询
  • 我的图书馆
  • 登录
  • 详细信息显示
  • 放入我的书架
  • 预约/预借图书
  • 作者相关作品
  • 分类相关作品
  • 丛书相关作品
  • 出版社相关作品

书目信息

  • 表格格式
  • 工作单格式
  • 卡片格式
题名:
Access 2010数据库技术与程序设计
    
 
作者: 高裴裴 , 张健 , 程茜 编
分册:  
出版信息: 天津   南开大学出版社  2014.02
页数: 408页
开本: 26cm
丛书名:
单 册:
中图分类: TP311.138AC , TP311.138
科图分类:
主题词: 关系数据库系统--程序设计
电子资源:
ISBN: 978-7-310-04411-5
000 00985nam0 2200265 450
001 215
005 20180921141312.40
010    @a978-7-310-04411-5@dCNY56.00
100    @a20140429d2014 em y0chiy50 ea
101 0  @achi
102    @aCN@b120000
105    @ay z 000yy
200 1  @aAccess 2010数据库技术与程序设计@9Access 2010 shu ju ku ji shu yu cheng xu she ji@f高裴裴,张健,程茜编
210    @a天津@c南开大学出版社@d2014.02
215    @a408页@d26cm
330    @a本书共分13章,分别详细介绍了数据库系统基础知识、数据库设计、关系代数、常量变量表达式与函数、数据库和表的创建与维护、查询文件、数据库标准语言SQL、结构化程序设计、窗体设计、面向对象程序设计、宏、报表设计、Web数据访问。
606 0  @a关系数据库系统@x程序设计
610 0  @aAccess
690    @aTP311.138AC@v5
690    @aTP311.138@v4
701  0 @a高裴裴@9gao pei pei@4编
701  0 @a张健@9zhang jian@4编
701  0 @a程茜@9cheng qian@4编
801  0 @aCN@bNLC@c20140429
905    @aMuseLib@dTP311.138@e1246
    
    Access 2010数据库技术与程序设计/高裴裴,张健,程茜编.-天津:南开大学出版社,2014.02
    408页;26cm
    
    
    ISBN 978-7-310-04411-5:CNY56.00
    本书共分13章,分别详细介绍了数据库系统基础知识、数据库设计、关系代数、常量变量表达式与函数、数据库和表的创建与维护、查询文件、数据库标准语言SQL、结构化程序设计、窗体设计、面向对象程序设计、宏、报表设计、Web数据访问。
●
相关链接 在E读中查询图书 在五车中查询图书 在当当中查询图书 在豆瓣中查询图书


正题名:Access 2010数据库技术与程序设计     索取号:TP311.138/1246         预约/预借

序号 登录号 条形码 馆藏地/架位号 状态 备注
1 1118809   211188098   第二样本阅览室/ [索取号:TP311.138/1246] 在馆    
2 1118810   211188105   第三借阅区/ [索取号:TP311.138/1246] 在馆    
3 1118811   211188114   第三借阅区/ [索取号:TP311.138/1246] 在馆    
4 1118812   211188123   第三借阅区/ [索取号:TP311.138/1246] 在馆    
5 1118813   211188132   第三借阅区/ [索取号:TP311.138/1246] 在馆    
唐山师范学院图书馆 欢迎您!
大连网信软件有限公司© 版权所有